[Event "Urals-ch"]
[Site "Satka"]
[Date "2012.03.30"]
[Round "7"]
[White "Chuprov, Dmitry"]
[Black "Matveev, Vladimir A"]
[Result "1-0"]
[WhiteElo "2464"]
[BlackElo "2323"]
[PlyCount "53"]
[EventDate "2012.03.24"]
[EventType "swiss"]
[EventRounds "9"]
[EventCountry "RUS"]
[SourceTitle "CBM 147 Extra"]
[Source "ChessBase"]
[SourceDate "2012.04.24"]
[SourceVersion "1"]
[SourceVersionDate "2012.04.24"]
[SourceQuality "1"]

1. e4 d6 2. d4 g6 3. Nc3 Bg7 4. Be3 c6 5. Qd2 b5 6. Bd3 Nd7 7. f4 Ngf6 8. Nf3 0-0 9. e5 b4 10. Ne4 Nd5 11. h4 c5 12. h5 Nxe3 13. Qxe3 cxd4 14. Qf2 dxe5 15. hxg6 hxg6 16. Qh4 Re8 17. Qh7+ Kf8 18. fxe5 Nf6 19. exf6 exf6 20. 0-0 Qd5 21. Nfd2 Bb7 22. Qh2 f5 23. Qd6+ Kg8 24. Bc4 Qe5 25. Qxg6 Re6 26. Bxe6 fxe6 27. Ng5 1-0

[Event "Urals-ch"]
[Site "Satka"]
[Date "2012.03.29"]
[Round "6"]
[White "Ovetchkin, Roman"]
[Black "Chuprov, Dmitry"]
[Result "1/2-1/2"]
[WhiteElo "2499"]
[BlackElo "2464"]
[PlyCount "95"]
[EventDate "2012.03.24"]
[EventType "swiss"]
[EventRounds "9"]
[EventCountry "RUS"]
[SourceTitle "CBM 147 Extra"]
[Source "ChessBase"]
[SourceDate "2012.04.24"]
[SourceVersion "1"]
[SourceVersionDate "2012.04.24"]
[SourceQuality "1"]

1. d4 Nf6 2. Nf3 d6 3. c4 g6 4. Nc3 Bg7 5. e4 0-0 6. h3 c5 7. d5 b5 8. cxb5 a6 9. a4 Nbd7 10. Be3 Qa5 11. Nd2 axb5 12. Bxb5 Ba6 13. 0-0 Rfb8 14. Ra3 Qd8 15. Nc4 Ne8 16. Rb3 Nc7 17. Bxa6 Rxa6 18. Bd2 Ne5 19. Nxe5 Bxe5 20. Rxb8 Qxb8 21. Qc2 Rb6 22. Rb1 Qb7 23. Nd1 Na6 24. b3 Nb4 25. Bxb4 Rxb4 26. Ne3 Bd4 27. Nc4 Qa6 28. Na3 Bg7 29. g3 h5 30. Kg2 Qa8 31. Nc4 Qa6 32. Qd3 Qa8 33. Rd1 Qb8 34. Rb1 Qa8 35. Qf3 Bd4 36. Rd1 Rb8 37. Rd3 Rf8 38. g4 hxg4 39. hxg4 Kg7 40. Qf4 Rh8 41. Rh3 Rxh3 42. Kxh3 Qb8 43. Qf3 Qb4 44. Kg2 Qe1 45. Na3 Qd2 46. Nc4 Qe1 47. Na3 Qd2 48. Nc4 1/2-1/2

[Event "Urals-ch"]
[Site "Satka"]
[Date "2012.03.27"]
[Round "4"]
[White "Denisov, Ivan"]
[Black "Chuprov, Dmitry"]
[Result "1-0"]
[WhiteElo "2384"]
[BlackElo "2464"]
[PlyCount "107"]
[EventDate "2012.03.24"]
[EventType "swiss"]
[EventRounds "9"]
[EventCountry "RUS"]
[SourceTitle "CBM 147 Extra"]
[Source "ChessBase"]
[SourceDate "2012.04.24"]
[SourceVersion "1"]
[SourceVersionDate "2012.04.24"]
[SourceQuality "1"]

1. e4 c5 2. Nf3 Nc6 3. d4 cxd4 4. Nxd4 e5 5. Nb5 a6 6. Nd6+ Bxd6 7. Qxd6 Qf6 8. Qa3 Qg6 9. Be3 Qxe4 10. Nc3 Qb4 11. Qxb4 Nxb4 12. 0-0-0 Nf6 13. f4 d6 14. Rxd6 exf4 15. Bd4 Be6 16. Bxf6 gxf6 17. Rd4 Nc6 18. Rxf4 Ke7 19. Bd3 Rac8 20. Rhf1 Ne5 21. Be4 b5 22. a3 Bc4 23. Rd1 h5 24. Nd5+ Bxd5 25. Bxd5 Rhd8 26. Rfd4 a5 27. c3 Rg8 28. R1d2 Rg5 29. g3 Rg4 30. Bg2 b4 31. Kc2 bxc3 32. bxc3 Rc5 33. Bh1 Nc4 34. Re2+ Re5 35. Bf3 Rxd4 36. cxd4 Rxe2+ 37. Bxe2 Nd6 38. Kd3 Ke6 39. Bxh5 Nb5 40. a4 Nd6 41. Bg4+ f5 42. Bd1 Kf6 43. Ke3 Ne4 44. Bf3 Nd6 45. Kf4 Nc8 46. Bd5 Nb6 47. Bb3 Nc8 48. h4 Ne7 49. h5 Nc6 50. d5 Ne5 51. Bc2 Nc4 52. Bxf5 Nb6 53. d6 Nd5+ 54. Kf3 1-0

[Event "Izhevsk Corporation Cup-A 3rd"]
[Site "Izhevsk"]
[Date "2011.07.21"]
[Round "6"]
[White "Chuprov, Dmitry"]
[Black "Dmitriev, Igor"]
[Result "0-1"]
[WhiteElo "2531"]
[BlackElo "2385"]
[PlyCount "44"]
[EventDate "2011.07.15"]
[EventType "swiss"]
[EventRounds "9"]
[EventCountry "RUS"]
[SourceTitle "CBM 143 Extra"]
[Source "ChessBase"]
[SourceDate "2011.08.29"]
[SourceVersion "1"]
[SourceVersionDate "2011.08.29"]
[SourceQuality "1"]

1. e4 a6 2. d4 d6 3. c4 e5 4. Nf3 Nc6 5. h3 Nf6 6. Nc3 Bd7 7. Be3 exd4 8. Nxd4 g6 9. g4 Rb8 10. g5 Ng8 11. h4 h6 12. Nd5 Bg7 13. Bh3 Bxh3 14. Rxh3 hxg5 15. Bxg5 Qd7 16. Nxc6 bxc6 17. Rb3 Rxb3 18. Qxb3 f6 19. Qb8+ Kf7 20. Nxc7 Ne7 21. Qb6 fxg5 22. Nxa6 Qg4 0-1

[Event "Izhevsk Corporation Cup-A 3rd"]
[Site "Izhevsk"]
[Date "2011.07.16"]
[Round "2"]
[White "Chuprov, Dmitry"]
[Black "Bezgodova, Maria"]
[Result "0-1"]
[WhiteElo "2531"]
[BlackElo "2208"]
[PlyCount "84"]
[EventDate "2011.07.15"]
[EventType "swiss"]
[EventRounds "9"]
[EventCountry "RUS"]
[SourceTitle "CBM 143 Extra"]
[Source "ChessBase"]
[SourceDate "2011.08.29"]
[SourceVersion "1"]
[SourceVersionDate "2011.08.29"]
[SourceQuality "1"]

1. e4 e5 2. Nf3 Nc6 3. Nc3 Nf6 4. d4 exd4 5. Nd5 Be7 6. Bc4 d6 7. 0-0 0-0 8. Nxd4 Nxd4 9. Qxd4 Nxd5 10. Bxd5 Bf6 11. Qd3 Qe7 12. c3 Re8 13. f3 c6 14. Bb3 Be6 15. Bc2 g6 16. Bh6 Rad8 17. f4 d5 18. e5 Bg7 19. Bxg7 Kxg7 20. Qg3 Bc8 21. Rae1 f5 22. exf6+ Qxf6 23. Qf2 b6 24. Qd4 Qxd4+ 25. cxd4 Ba6 26. Rxe8 Rxe8 27. Rc1 c5 28. dxc5 bxc5 29. Ba4 Rc8 30. Kf2 d4 31. Re1 Rc7 32. Re6 Bc4 33. Rd6 Bxa2 34. g4 Rb7 35. Kg3 Rxb2 36. Rd7+ Kf6 37. Rxa7 Bd5 38. Ra5 Bb3 39. Ra6+ Ke7 40. Ra7+ Ke6 41. f5+ Ke5 42. Re7+ Kf6 0-1

[Event "Samara Polugaevsky Memorial 1st"]
[Site "Samara"]
[Date "2011.07.08"]
[Round "4"]
[White "Smirnov, Pavel"]
[Black "Chuprov, Dmitry"]
[Result "1-0"]
[WhiteElo "2558"]
[BlackElo "2531"]
[PlyCount "63"]
[EventDate "2011.07.05"]
[EventType "swiss"]
[EventRounds "9"]
[EventCountry "RUS"]
[SourceTitle "CBM 143 Extra"]
[Source "ChessBase"]
[SourceDate "2011.08.29"]
[SourceVersion "1"]
[SourceVersionDate "2011.08.29"]
[SourceQuality "1"]

1. d4 d6 2. e4 Nf6 3. Nc3 e5 4. Nf3 exd4 5. Nxd4 Be7 6. g3 0-0 7. Bg2 c5 8. Nf5 Bxf5 9. exf5 Nc6 10. 0-0 Re8 11. Bf4 Nd4 12. g4 h6 13. Nd5 Nxd5 14. Bxd5 Bg5 15. Bg3 Qb6 16. c3 Ne2+ 17. Kg2 Nxg3 18. hxg3 Bf6 19. Rb1 Re7 20. f4 Rae8 21. Rf2 Qa6 22. g5 Re2 23. gxf6 gxf6 24. Rxe2 Rxe2+ 25. Kh3 Kf8 26. Bxb7 Qxa2 27. Bd5 Qa6 28. c4 Re7 29. Qh5 Ke8 30. Qxh6 Kd7 31. Qxf6 Qa4 32. b4 1-0

[Event "Samara Polugaevsky Memorial 1st"]
[Site "Samara"]
[Date "2011.07.07"]
[Round "3"]
[White "Chuprov, Dmitry"]
[Black "Natacheev, Peter"]
[Result "1-0"]
[WhiteElo "2531"]
[BlackElo "2216"]
[PlyCount "143"]
[EventDate "2011.07.05"]
[EventType "swiss"]
[EventRounds "9"]
[EventCountry "RUS"]
[SourceTitle "CBM 143 Extra"]
[Source "ChessBase"]
[SourceDate "2011.08.29"]
[SourceVersion "1"]
[SourceVersionDate "2011.08.29"]
[SourceQuality "1"]

1. d4 d5 2. c4 c6 3. Nc3 Nf6 4. Nf3 a6 5. c5 g6 6. h3 Bg7 7. Bf4 Ne4 8. e3 Qa5 9. Bd3 Nxc3 10. Qd2 Nd7 11. Qxc3 Qxc3+ 12. bxc3 f6 13. Bg3 e5 14. Be2 0-0 15. Rb1 Re8 16. 0-0 f5 17. Nxe5 Bxe5 18. Bxe5 Nxe5 19. dxe5 Rxe5 20. Bd3 Kf8 21. Rb2 Re7 22. Rfb1 Ra7 23. Kh2 Be6 24. Kg3 Kg7 25. Kf4 Kf6 26. g4 h6 27. Kg3 Bf7 28. gxf5 gxf5 29. Kf4 Be6 30. Rg1 Ra8 31. h4 Rh8 32. h5 Bf7 33. Bxf5 Bxh5 34. f3 Bf7 35. e4 h5 36. Rbg2 Rh6 37. Rg7 dxe4 38. fxe4 Be8 39. R7g5 h4 40. Bh3 Bg6 41. e5+ Kf7 42. Bf1 h3 43. Bxh3 Rxh3 44. Rxg6 Rxc3 45. Kf5 Rf3+ 46. Ke4 Rf2 47. R6g2 Rxg2 48. Rxg2 Re6 49. Rf2+ Ke7 50. Rh2 Rg6 51. Kf5 Rg1 52. Rh7+ Kd8 53. Rxb7 Rc1 54. Kf6 Kc8 55. Ra7 Rxc5 56. e6 Rc2 57. e7 Rf2+ 58. Ke6 Re2+ 59. Kd6 Rd2+ 60. Kxc6 Rc2+ 61. Kb6 Rb2+ 62. Kc5 Rc2+ 63. Kb4 Rb2+ 64. Kc3 Re2 65. a4 Re1 66. Kc4 Rc1+ 67. Kb4 Re1 68. Ka5 Re6 69. Ra8+ Kd7 70. e8Q+ Rxe8 71. Rxe8 Kxe8 72. Kxa6 1-0

[Event "Samara Polugaevsky Memorial 1st"]
[Site "Samara"]
[Date "2011.07.06"]
[Round "2"]
[White "Liberman, Evgeny"]
[Black "Chuprov, Dmitry"]
[Result "0-1"]
[WhiteElo "2259"]
[BlackElo "2531"]
[PlyCount "114"]
[EventDate "2011.07.05"]
[EventType "swiss"]
[EventRounds "9"]
[EventCountry "RUS"]
[SourceTitle "CBM 143 Extra"]
[Source "ChessBase"]
[SourceDate "2011.08.29"]
[SourceVersion "1"]
[SourceVersionDate "2011.08.29"]
[SourceQuality "1"]

1. Nf3 d6 2. d4 g6 3. g3 Bg7 4. Bg2 Nd7 5. 0-0 Ngf6 6. c4 0-0 7. Nc3 e5 8. dxe5 dxe5 9. Qc2 c6 10. b3 Qe7 11. e4 Re8 12. Bb2 Nc5 13. Ba3 Bf8 14. Na4 Nfd7 15. Nd2 Qd8 16. Nxc5 Nxc5 17. Rad1 Qd3 18. Qxd3 Nxd3 19. Bxf8 Kxf8 20. Nb1 Nc5 21. Nc3 a5 22. Rd2 Be6 23. f4 Rad8 24. Rfd1 Rxd2 25. Rxd2 Ke7 26. Kf2 f6 27. Ke3 Ra8 28. Bf1 exf4+ 29. gxf4 g5 30. Be2 gxf4+ 31. Kxf4 Rg8 32. Bf3 Nd7 33. Rg2 Rxg2 34. Bxg2 Kd6 35. Ke3 Kc5 36. Bf3 Kb4 37. Nb1 a4 38. Bd1 a3 39. Kd2 Bf7 40. Nc3 Bg6 41. Bc2 Nc5 42. h4 h6 43. Bb1 Bh5 44. Bc2 Bg4 45. Nb1 Ne6 46. Ke3 h5 47. Bd3 Bd1 48. Be2 Bxe2 49. Kxe2 Nd4+ 50. Ke3 Nxb3 51. Nxa3 Kxa3 52. axb3 Kxb3 53. c5 Kc4 54. Kf4 Kxc5 55. Kf5 Kd4 56. Kxf6 Kxe4 57. Kg6 b5 0-1

[Event "RUS-ch Higher League 64th"]
[Site "Taganrog"]
[Date "2011.06.25"]
[Round "10"]
[White "Chuprov, Dmitry"]
[Black "Frolyanov, Dmitry"]
[Result "1/2-1/2"]
[WhiteElo "2520"]
[BlackElo "2599"]
[PlyCount "43"]
[EventDate "2011.06.15"]
[EventType "swiss"]
[EventRounds "11"]
[EventCountry "RUS"]
[SourceTitle "CBM 143"]
[Source "ChessBase"]
[SourceDate "2011.07.15"]
[SourceVersion "1"]
[SourceVersionDate "2011.07.15"]
[SourceQuality "1"]

1. e4 e5 2. Nf3 Nf6 3. Nc3 Nc6 4. d4 exd4 5. Nd5 Be7 6. Bc4 0-0 7. 0-0 d6 8. Nxd4 Nxd4 9. Qxd4 Nxd5 10. Bxd5 Bf6 11. Qd3 Qe7 12. c3 c6 13. Bb3 Be6 14. Bc2 g6 15. Bh6 Rfe8 16. f4 Rad8 17. Rae1 Bc8 18. Qf3 Bg7 19. Bg5 Bf6 20. Bh6 Bg7 21. Bg5 Bf6 22. Bh6 1/2-1/2

[Event "RUS-ch Higher League 64th"]
[Site "Taganrog"]
[Date "2011.06.24"]
[Round "9"]
[White "Rodin, Dmitrij"]
[Black "Chuprov, Dmitry"]
[Result "1/2-1/2"]
[WhiteElo "2404"]
[BlackElo "2520"]
[PlyCount "77"]
[EventDate "2011.06.15"]
[EventType "swiss"]
[EventRounds "11"]
[EventCountry "RUS"]
[SourceTitle "CBM 143"]
[Source "ChessBase"]
[SourceDate "2011.07.15"]
[SourceVersion "1"]
[SourceVersionDate "2011.07.15"]
[SourceQuality "1"]

1. e4 e5 2. Nf3 Nc6 3. Bb5 Bc5 4. c3 Nf6 5. d3 d6 6. 0-0 0-0 7. h3 a6 8. Ba4 Ba7 9. Re1 Nh5 10. d4 Qf6 11. Be3 Nf4 12. Bxf4 Qxf4 13. Bxc6 bxc6 14. Nbd2 exd4 15. cxd4 c5 16. d5 c4 17. Qe2 f5 18. e5 Bb7 19. Qxc4 Qxc4 20. Nxc4 Bxd5 21. Rac1 dxe5 22. Rxe5 Bxc4 23. Rxc4 Rad8 24. g3 Bb6 25. Kf1 g6 26. a4 Rd1+ 27. Kg2 a5 28. h4 Rfd8 29. h5 R1d5 30. hxg6 hxg6 31. Re2 Kg7 32. b4 axb4 33. Rxb4 Kf6 34. Rh4 R5d6 35. Rh6 Kg7 36. Rh4 Kf6 37. Rh6 Kg7 38. Rh4 Kf6 39. Rh6 1/2-1/2

[Event "RUS-ch Higher League 64th"]
[Site "Taganrog"]
[Date "2011.06.19"]
[Round "5"]
[White "Chuprov, Dmitry"]
[Black "Airapetian, Gor"]
[Result "0-1"]
[WhiteElo "2520"]
[BlackElo "2460"]
[PlyCount "56"]
[EventDate "2011.06.15"]
[EventType "swiss"]
[EventRounds "11"]
[EventCountry "RUS"]
[SourceTitle "CBM 143"]
[Source "ChessBase"]
[SourceDate "2011.07.15"]
[SourceVersion "1"]
[SourceVersionDate "2011.07.15"]
[SourceQuality "1"]

1. e4 c6 2. Ne2 d5 3. e5 c5 4. d4 Nc6 5. c3 Bf5 6. dxc5 Nxe5 7. Nd4 Bd7 8. f4 Nc6 9. Qb3 e5 10. Nxc6 bxc6 11. Be3 exf4 12. Bd4 Rb8 13. Qc2 Qh4+ 14. Bf2 Qe7+ 15. Be2 Qe4 16. Qd2 Qxg2 17. Rg1 Qxh2 18. Bf3 Qh3 19. Qxf4 Rxb2 20. Nd2 Qf5 21. Qc7 Nf6 22. Bd4 g6 23. Rg2 Be7 24. Re2 Be6 25. Bg2 Kf8 26. c4 Rxd2 27. Kxd2 dxc4 28. Rf1 Qd3+ 0-1

[Event "RUS-ch Higher League 64th"]
[Site "Taganrog"]
[Date "2011.06.18"]
[Round "4"]
[White "Mokshanov, Alexey"]
[Black "Chuprov, Dmitry"]
[Result "1-0"]
[WhiteElo "2393"]
[BlackElo "2520"]
[PlyCount "89"]
[EventDate "2011.06.15"]
[EventType "swiss"]
[EventRounds "11"]
[EventCountry "RUS"]
[SourceTitle "CBM 143"]
[Source "ChessBase"]
[SourceDate "2011.07.15"]
[SourceVersion "1"]
[SourceVersionDate "2011.07.15"]
[SourceQuality "1"]

1. e4 c5 2. Nf3 d6 3. d3 Nf6 4. g3 d5 5. e5 Ng4 6. Bg2 Nc6 7. Qe2 Nh6 8. Bxh6 gxh6 9. h3 Bg7 10. 0-0 Bf5 11. Nh4 Bg6 12. f4 e6 13. Qf2 Qb6 14. b3 0-0 15. Nc3 Nd4 16. Na4 Qa5 17. c3 Nb5 18. c4 dxc4 19. dxc4 Nd4 20. Bxb7 Rab8 21. Bg2 Bd3 22. Rfd1 Bxc4 23. Nxc5 Qxc5 24. Qxd4 Qxd4+ 25. Rxd4 Bb5 26. Rc1 Rfc8 27. Rxc8+ Rxc8 28. a4 Rc1+ 29. Kh2 Be2 30. Rd2 Bd1 31. Rd6 a5 32. Rb6 Bf8 33. f5 Rc5 34. fxe6 fxe6 35. Bf3 Bc2 36. Bg4 Rxe5 37. Bxe6+ Kg7 38. Rb7+ Kf6 39. Bc4 Be7 40. Nf3 Re4 41. Ra7 Bd1 42. Kg2 Re3 43. Ra6+ Kg7 44. Nd4 Re5 45. Nc6 1-0

[Event "Izmailov Memorial op 15th"]
[Site "Tomsk"]
[Date "2011.06.08"]
[Round "8"]
[White "Kokarev, Dmitry"]
[Black "Chuprov, Dmitry"]
[Result "1-0"]
[WhiteElo "2569"]
[BlackElo "2520"]
[PlyCount "79"]
[EventDate "2011.06.01"]
[EventType "swiss"]
[EventRounds "9"]
[EventCountry "RUS"]
[SourceTitle "EXT 2013"]
[Source "ChessBase"]
[SourceDate "2012.11.22"]
[SourceVersion "1"]
[SourceVersionDate "2012.11.22"]
[SourceQuality "1"]

1. e4 c5 2. Nf3 Nc6 3. d4 cxd4 4. Nxd4 e5 5. Nb5 a6 6. Nd6+ Bxd6 7. Qxd6 Qf6 8. Qd1 Qg6 9. Nc3 Nge7 10. h4 h5 11. Bg5 d5 12. exd5 Nb4 13. Bxe7 Kxe7 14. Bd3 Nxd3+ 15. Qxd3 Qxd3 16. cxd3 Rd8 17. 0-0-0 f5 18. Rhe1 Kf6 19. f3 Bd7 20. d4 exd4 21. Rxd4 Re8 22. Red1 Rac8 23. Kd2 Ke5 24. Ke3 b5 25. a3 a5 26. R1d2 g6 27. Ne2 Rc5 28. d6 Kf6+ 29. Kf4 Ree5 30. Nc3 Ke6 31. Kg5 Re1 32. Nd5 Kf7 33. Nb6 f4+ 34. Kxf4 Ke6 35. Re4+ Rxe4+ 36. fxe4 b4 37. axb4 axb4 38. Nxd7 Kxd7 39. e5 Rc8 40. Ke4 1-0

[Event "UrFO-ch op"]
[Site "Cheliabinsk"]
[Date "2011.03.24"]
[Round "7"]
[White "Eryshkanova, Anastasiya"]
[Black "Chuprov, Dmitry"]
[Result "0-1"]
[WhiteElo "2140"]
[BlackElo "2526"]
[PlyCount "80"]
[EventDate "2011.03.19"]
[EventType "swiss"]
[EventRounds "9"]
[EventCountry "RUS"]
[SourceTitle "EXT 2012"]
[Source "ChessBase"]
[SourceDate "2011.11.24"]
[SourceVersion "1"]
[SourceVersionDate "2011.11.24"]
[SourceQuality "1"]

1. e4 d6 2. d4 Nf6 3. Nc3 c6 4. a4 Nbd7 5. g3 e5 6. Be3 Be7 7. Bg2 0-0 8. h3 b6 9. Nge2 a6 10. 0-0 Bb7 11. g4 b5 12. axb5 cxb5 13. Ng3 b4 14. Na4 Rc8 15. Qd2 d5 16. exd5 Nxd5 17. dxe5 Nxe5 18. Rfd1 Nc4 19. Qe2 Ncxe3 20. fxe3 Qc7 21. Nf5 Rcd8 22. Nxe7+ Qxe7 23. Rd4 Nf6 24. Rad1 Rxd4 25. Rxd4 Bxg2 26. Kxg2 Re8 27. Qxa6 Qxe3 28. Qd3 Qe7 29. b3 h5 30. Nb2 hxg4 31. hxg4 Qe1 32. Rd8 Nxg4 33. Nc4 Qf2+ 34. Kh3 Qh2+ 35. Kxg4 f5+ 36. Qxf5 Rxd8 37. Ne5 Qg2+ 38. Kh5 Rf8 39. Qe6+ Kh7 40. Ng4 Qxc2 0-1

[Event "UrFO-ch op"]
[Site "Cheliabinsk"]
[Date "2011.03.23"]
[Round "6"]
[White "Chuprov, Dmitry"]
[Black "Ponkratov, Pavel"]
[Result "0-1"]
[WhiteElo "2526"]
[BlackElo "2568"]
[PlyCount "106"]
[EventDate "2011.03.19"]
[EventType "swiss"]
[EventRounds "9"]
[EventCountry "RUS"]
[SourceTitle "EXT 2012"]
[Source "ChessBase"]
[SourceDate "2011.11.24"]
[SourceVersion "1"]
[SourceVersionDate "2011.11.24"]
[SourceQuality "1"]

1. Nf3 Nf6 2. d4 e6 3. c4 c5 4. Nc3 cxd4 5. Nxd4 Nc6 6. g3 Qb6 7. Nb3 Ne5 8. e4 Bb4 9. Qe2 0-0 10. f4 Nc6 11. Be3 Qc7 12. Bg2 Bxc3+ 13. bxc3 d6 14. 0-0 b6 15. g4 Ba6 16. g5 Nd7 17. Rf3 Rfe8 18. Rh3 Ne7 19. Nd2 Rac8 20. Bf1 d5 21. Qh5 Nf8 22. cxd5 Bxf1 23. Rxf1 exd5 24. f5 Qxc3 25. f6 Neg6 26. Nb3 Rxe4 27. Bd4 Qc4 28. fxg7 Rxd4 29. gxf8Q+ Kxf8 30. Nxd4 Qxd4+ 31. Kh1 Qe4+ 32. Qf3 Qxf3+ 33. Rhxf3 Rc7 34. Rd1 Kg7 35. Kg1 Rd7 36. Kf2 Ne7 37. h4 d4 38. Rf6 h5 39. Rf4 Nc6 40. Re4 Rd5 41. Kg3 Ra5 42. Rc1 Ra3+ 43. Kf4 Nb4 44. Rxd4 Nd3+ 45. Rxd3 Rxd3 46. Ke5 Ra3 47. Rc2 Ra4 48. Rh2 Kg6 49. Kd6 f6 50. gxf6 Kxf6 51. Rf2+ Kg6 52. Ke5 Rxh4 53. Rf6+ Kg7 0-1

[Event "UrFO-ch op"]
[Site "Cheliabinsk"]
[Date "2011.03.22"]
[Round "5"]
[White "Chuprov, Dmitry"]
[Black "Belyakov, Bogdan"]
[Result "1/2-1/2"]
[WhiteElo "2526"]
[BlackElo "2301"]
[PlyCount "40"]
[EventDate "2011.03.19"]
[EventType "swiss"]
[EventRounds "9"]
[EventCountry "RUS"]
[SourceTitle "EXT 2012"]
[Source "ChessBase"]
[SourceDate "2011.11.24"]
[SourceVersion "1"]
[SourceVersionDate "2011.11.24"]
[SourceQuality "1"]

1. e4 e5 2. Nf3 Nc6 3. Bb5 a6 4. Ba4 Nf6 5. 0-0 Be7 6. Bxc6 dxc6 7. d3 Nd7 8. Nbd2 f6 9. Nh4 0-0 10. Nf5 Nc5 11. Nc4 Be6 12. Nce3 Bd6 13. b4 Na4 14. c4 b5 15. c5 Be7 16. Qg4 Bxf5 17. Nxf5 g6 18. Bh6 Rf7 19. d4 exd4 20. Rad1 d3 1/2-1/2

[Event "Khanty-Mansiysk Governor Cup 6th"]
[Site "Khanty-Mansiysk"]
[Date "2010.09.24"]
[Round "8"]
[White "Chuprov, Dmitry"]
[Black "Shomoev, Anton"]
[Result "0-1"]
[WhiteElo "2548"]
[BlackElo "2559"]
[PlyCount "112"]
[EventDate "2010.09.17"]
[EventType "swiss"]
[EventRounds "10"]
[EventCountry "RUS"]
[SourceTitle "CBM 138 Extra"]
[Source "ChessBase"]
[SourceDate "2010.10.29"]
[SourceVersion "1"]
[SourceVersionDate "2010.10.29"]
[SourceQuality "1"]

1. d4 Nf6 2. Nf3 d5 3. c4 e6 4. Nc3 c6 5. cxd5 exd5 6. Bg5 Be7 7. Qc2 g6 8. e3 Bf5 9. Bd3 Bxd3 10. Qxd3 Nbd7 11. 0-0 0-0 12. Rab1 a5 13. a3 Re8 14. Bxf6 Nxf6 15. Qc2 Bd6 16. b4 Qe7 17. Qb3 axb4 18. axb4 b5 19. Rfc1 Ra6 20. h3 Rea8 21. Ne1 Nd7 22. Nd1 Bb8 23. Qc3 Nf6 24. Nd3 Ne4 25. Qe1 Qc7 26. g3 Ng5 27. Kg2 Qd7 28. g4 Qc7 29. f4 Ne4 30. Rc2 Nd6 31. Qh4 Kg7 32. Rbc1 Nc4 33. Ne5 f6 34. Nxc4 dxc4 35. Nc3 Qe7 36. Qf2 Bd6 37. e4 Bxb4 38. e5 Bxc3 39. Rxc3 Ra2 40. R3c2 Rxc2 41. Rxc2 Qe6 42. Kh2 f5 43. Qh4 Ra7 44. Qd8 Rf7 45. g5 Qd5 46. Qb8 Qe4 47. Ra2 Qxf4+ 48. Kh1 Qc1+ 49. Kh2 Qxg5 50. Qe8 c3 51. Qxc6 Qf4+ 52. Kg2 Qxd4 53. e6 Re7 54. Re2 b4 55. Qb5 h5 56. Qa5 c2 0-1

[Event "Khanty-Mansiysk Governor Cup 6th"]
[Site "Khanty-Mansiysk"]
[Date "2010.09.22"]
[Round "6"]
[White "Chuprov, Dmitry"]
[Black "Pozdeev, Vladimir1111"]
[Result "1-0"]
[WhiteElo "2548"]
[BlackElo "2121"]
[PlyCount "48"]
[EventDate "2010.09.17"]
[EventType "swiss"]
[EventRounds "10"]
[EventCountry "RUS"]
[SourceTitle "CBM 138 Extra"]
[Source "ChessBase"]
[SourceDate "2010.10.29"]
[SourceVersion "1"]
[SourceVersionDate "2010.10.29"]
[SourceQuality "1"]

1. e4 c5 2. Nf3 d6 3. d4 cxd4 4. Nxd4 Nf6 5. Nc3 g6 6. Be3 Bg7 7. f3 0-0 8. Qd2 Nc6 9. Bc4 Bd7 10. Bb3 a6 11. h4 h5 12. 0-0-0 b5 13. g4 Ne5 14. Bh6 a5 15. Bxg7 Kxg7 16. g5 Ne8 17. f4 Nc4 18. Bxc4 bxc4 19. f5 Rb8 20. Nd5 Nc7 21. Nxe7 Na6 22. Ndc6 Bxc6 23. Nxc6 Qb6 24. Nxb8 Rxb8 1-0

[Event "Khanty-Mansiysk Governor Cup 6th"]
[Site "Khanty-Mansiysk"]
[Date "2010.09.19"]
[Round "3"]
[White "Kopylov, Alexander A"]
[Black "Chuprov, Dmitry"]
[Result "1/2-1/2"]
[WhiteElo "2444"]
[BlackElo "2548"]
[PlyCount "63"]
[EventDate "2010.09.17"]
[EventType "swiss"]
[EventRounds "10"]
[EventCountry "RUS"]
[SourceTitle "CBM 138 Extra"]
[Source "ChessBase"]
[SourceDate "2010.10.29"]
[SourceVersion "1"]
[SourceVersionDate "2010.10.29"]
[SourceQuality "1"]

1. d4 Nf6 2. Nf3 e6 3. c4 d5 4. g3 Be7 5. Bg2 0-0 6. Nc3 dxc4 7. Ne5 Nc6 8. Bxc6 bxc6 9. Nxc6 Qe8 10. Nxe7+ Qxe7 11. Qa4 Qd6 12. Qxc4 Ba6 13. Qc5 Qxc5 14. dxc5 Nd5 15. Bd2 Rfd8 16. f3 Rab8 17. b3 Nxc3 18. Bxc3 Rd5 19. b4 Bb5 20. a4 Bc6 21. Kf2 a6 22. Rhb1 f6 23. Rb2 Kf7 24. Ke3 Ke7 25. f4 Kf7 26. Rd2 Rbd8 27. b5 axb5 28. axb5 Bxb5 29. Ra7 R8d7 30. Ba5 Rxc5 31. Rxd7+ Bxd7 32. Rxc7 1/2-1/2

[Event "Khanty-Mansiysk Governor Cup 6th"]
[Site "Khanty-Mansiysk"]
[Date "2010.09.18"]
[Round "2"]
[White "Chuprov, Dmitry"]
[Black "Denisov, Ivan"]
[Result "1-0"]
[WhiteElo "2548"]
[BlackElo "2257"]
[PlyCount "89"]
[EventDate "2010.09.17"]
[EventType "swiss"]
[EventRounds "10"]
[EventCountry "RUS"]
[SourceTitle "CBM 138 Extra"]
[Source "ChessBase"]
[SourceDate "2010.10.29"]
[SourceVersion "1"]
[SourceVersionDate "2010.10.29"]
[SourceQuality "1"]

1. d4 Nf6 2. c4 e6 3. Nf3 b6 4. Nc3 Bb4 5. Bg5 Bb7 6. Nd2 h6 7. Bh4 0-0 8. e4 g5 9. Bg3 Nxe4 10. Ndxe4 Bxe4 11. h4 d6 12. hxg5 hxg5 13. Bd3 Bg6 14. Bxg6 fxg6 15. c5 bxc5 16. dxc5 Qf6 17. 0-0 Bxc3 18. bxc3 dxc5 19. Qa4 e5 20. Qc4+ Kg7 21. Rad1 Nc6 22. Rd7+ Rf7 23. Rfd1 Raf8 24. R7d5 Qe6 25. Qxc5 Re7 26. Qe3 Rf5 27. Qe4 Kf7 28. a4 Rf6 29. R1d3 Kg7 30. Kh2 Kf8 31. Kg1 Qf5 32. Qe3 Kg8 33. Rd1 Rfe6 34. Qe2 Kg7 35. Rc5 Kh7 36. Qc4 Qf6 37. Rdd5 Kh8 38. Qe2 Qf5 39. Rc4 Qb1+ 40. Rd1 Qf5 41. Qe1 e4 42. Qe3 Ne5 43. Rxe4 Kh7 44. Re1 Ng4 45. Rxe6 1-0

[Event "Kurgan op"]
[Site "Kurgan"]
[Date "2010.03.23"]
[Round "4"]
[White "Pugachov, Alexey"]
[Black "Chuprov, Dmitry"]
[Result "1/2-1/2"]
[WhiteElo "2462"]
[BlackElo "2548"]
[PlyCount "89"]
[EventDate "2010.03.20"]
[EventType "swiss"]
[EventRounds "9"]
[EventCountry "RUS"]
[SourceTitle "CBM 135 Extra"]
[Source "ChessBase"]
[SourceDate "2010.05.04"]
[SourceVersion "1"]
[SourceVersionDate "2010.05.04"]
[SourceQuality "1"]

1. e4 e5 2. Nf3 d6 3. d4 exd4 4. Qxd4 Bd7 5. Bg5 Nc6 6. Qd2 Nf6 7. Nc3 h6 8. Bf4 g5 9. Bg3 Nh5 10. 0-0-0 Bg7 11. e5 Nxg3 12. hxg3 g4 13. Nh4 Nxe5 14. f4 gxf3 15. gxf3 Bc6 16. Nd5 Bxd5 17. Qxd5 Qf6 18. f4 Nd7 19. Re1+ Kd8 20. c3 c6 21. Qa5+ b6 22. Qh5 Kc7 23. Bd3 Rhe8 24. Nf5 d5 25. g4 Nc5 26. Bc2 Ne4 27. Bxe4 Rxe4 28. Rxe4 dxe4 29. Re1 Re8 30. Qh1 e3 31. Qf3 Bf8 32. Rxe3 Rxe3 33. Nxe3 Qe6 34. a3 Bc5 35. Nf1 f5 36. gxf5 Qxf5 37. Ng3 Qh3 38. b4 Bd6 39. a4 a6 40. Kc2 Qe6 41. Kb2 Qf6 42. Nh5 Qf5 43. Ng7 Qg6 44. Nh5 Qf5 45. Ng7 1/2-1/2